Personnages de snk par lettre de l'alphabet ( attaque des titans ) - Statistiques

Statistiques générales
  • Ce quiz a été pris 119 fois
  • Le résultat moyen est 13 sur 22
Statistiques - réponses
lettre réponse nom de famille % Correct
a armin arlert
98%
e eren yeager
97%
c conny springer
95%
m mikasa ackerman
95%
h historia reiss
93%
j jean kirstein
86%
g grisha yeager
85%
y ymir fritz
82%
b bertolt hoover
79%
l levi ackerman
69%
s sieg yeager
62%
w willy teyber
58%
t tom xaver
43%
r rhodes reiss
42%
k keith shardiz
38%
p petra ralle
36%
o onyankopon (pas de nom de famille)
35%
d darius zackley
24%
f faye yeager
19%
i isabel magnolia
15%
u uri reiss
11%
n nile dork
9%
Aucun quiz correspondant
Distribution des résultats
% des personnes avec chaque résultat
Percentile par nombre de réponses
Votre historique - résultats
Vous n’avez pas pris ce quiz